[Event "Titled Tuesday 2020.05.12"]
[Site "chess.com INT"]
[Date "2020.05.12"]
[Round "10"]
[White "Atanasov, Anthony"]
[Black "Bodnaruk, Anastasia"]
[Result "1-0"]
[WhiteElo "2205"]
[BlackElo "2411"]
[PlyCount "157"]
[EventDate "2020.05.12"]
[EventType "swiss"]
[EventRounds "10"]
[EventCountry "NET"]
[Source "ChessMix"]
[SourceDate "2020.05.20"]

1. d4 Nf6 2. Nf3 g6 3. Bf4 Bg7 4. e3 O-O 5. Be2 d6 6. O-O Nc6 7. c3 Nd7 8. Bg5
h6 9. Bh4 g5 10. Bg3 e5 11. Nfd2 f5 12. d5 Ne7 13. f3 Nxd5 14. Bc4 N7b6 15.
Bxd5+ Nxd5 16. Bf2 Be6 17. c4 Ne7 18. Nc3 d5 19. cxd5 Nxd5 20. Nxd5 Qxd5 21.
Qc2 c6 22. Rfd1 Rfd8 23. Nb3 Qc4 24. Qxc4 Bxc4 25. Nc5 b6 26. Nb7 Rxd1+ 27.
Rxd1 Bd5 28. Nd6 f4 29. e4 Bxa2 30. Nf5 Be6 31. Ne7+ Kf7 32. Nxc6 Bf6 33. Ra1
a5 34. Bxb6 Ra6 35. Nd8+ Bxd8 36. Bxd8 a4 37. Bc7 Kf6 38. Bd8+ Kf7 39. Bc7 Kf6
40. Rc1 Bd7 41. Rc5 Rc6 42. Bxe5+ Ke6 43. Rxc6+ Bxc6 44. Bg7 h5 45. Bh6 Kf6 46.
h4 gxh4 47. Bxf4 Bd7 48. Kh2 Kg6 49. Bd2 Be6 50. Be1 Kg5 51. Bd2+ Kg6 52. Ba5
h3 53. gxh3 Kg5 54. Kg3 h4+ 55. Kg2 Kf4 56. Be1 Bc4 57. Bd2+ Ke5 58. Bg5 Kd4
59. Bxh4 Ke3 60. Bg5+ Ke2 61. f4 Bd3 62. e5 Bf5 63. Be7 Kd3 64. Ba3 Ke4 65. Kg3
Bd7 66. h4 Kf5 67. Be7 Kg6 68. Bb4 Be6 69. Bc3 Bf5 70. Be1 Kh5 71. Kf3 Kg6 72.
Ke3 Bg4 73. Ke4 Bf5+ 74. Kd5 Kf7 75. Kd6 Bg4 76. Ba5 Bf5 77. h5 Bg4 78. h6 Bf5
79. e6+ 1-0

[Event "Oakville Winter op"]
[Site "Oakville CAN"]
[Date "2020.02.22"]
[Round "2.1"]
[White "Ghasi, Ameet"]
[Black "Atanasov, Anthony"]
[Result "0-1"]
[WhiteElo "2541"]
[BlackElo "2271"]
[PlyCount "98"]
[EventDate "2020.02.21"]
[EventType "swiss"]
[EventRounds "5"]
[EventCountry "CAN"]

1. Nf3 Nf6 2. g3 d5 3. Bg2 Bf5 4. O-O e6 5. d3 Be7 6. Nc3 O-O 7. Nh4 Bg4 8. h3
Bh5 9. g4 Nfd7 10. gxh5 Bxh4 11. f4 c6 12. e4 d4 13. Nb1 c5 14. e5 Nc6 15. Nd2
Be7 16. Rf2 Nb6 17. a4 a5 18. Qg4 Kh8 19. Kh1 Qd7 20. b3 f6 21. exf6 Bxf6 22.
Ne4 Be7 23. Bd2 Nd5 24. Re2 Ncb4 25. Rc1 Rf5 26. Ng5 Bxg5 27. fxg5 Raf8 28. Be4
Rf2 29. Rxf2 Rxf2 30. Qg3 Qf7 31. g6 Qf8 32. Rd1 h6 33. Kg1 Rf6 34. Bxb4 Ne3
35. Re1 axb4 36. Rxe3 dxe3 37. Qxe3 Qe7 38. Kg2 e5 39. Bf3 Rf4 40. Bg4 Qd6 41.
a5 Rf8 42. Bf3 Qe7 43. Qe4 Qg5+ 44. Kf2 Qd2+ 45. Kg3 Qxc2 46. Qxb7 Qxd3 47. Qe4
Qxb3 48. a6 Qa3 49. Qb7 e4 0-1

[Event "Sitges Sunway op"]
[Site "Sitges ESP"]
[Date "2019.12.22"]
[Round "10.125"]
[White "Perez Bolanos, David"]
[Black "Atanasov, Anthony"]
[Result "0-1"]
[WhiteElo "1857"]
[BlackElo "2055"]
[PlyCount "68"]
[EventDate "2019.12.13"]
[EventType "swiss"]
[EventRounds "10"]
[EventCountry "ESP"]
[Source "ChessMix"]
[SourceDate "2020.01.01"]

1. d4 {[%emt 0:47:10]} Nf6 {[%emt 0:00:13]} 2. c4 {[%emt 0:00:45]} g6 {
[%emt 0:00:08]} 3. Nc3 {[%emt 0:00:56]} d5 {[%emt 0:00:11]} 4. Nf3 {
[%emt 0:01:12]} Bg7 {[%emt 0:00:30]} 5. h4 {[%emt 0:01:51]} c6 {[%emt 0:08:26]}
6. cxd5 {[%emt 0:01:16]} cxd5 {[%emt 0:02:09]} 7. Bf4 {[%emt 0:01:17]} Nc6 {
[%emt 0:06:01]} 8. e3 {[%emt 0:03:41]} Bg4 {[%emt 0:04:59]} 9. Qb3 {
[%emt 0:05:37]} Na5 {[%emt 0:09:31]} 10. Qa4+ {[%emt 0:04:38]} Bd7 {
[%emt 0:01:23]} 11. Bb5 {[%emt 0:05:06]} Nc6 {[%emt 0:07:41]} 12. Ne5 {
[%emt 0:05:30]} Qc8 {[%emt 0:12:39]} 13. Rc1 {[%emt 0:09:17]} a6 {
[%emt 0:03:24]} 14. Bxc6 {[%emt 0:01:48]} bxc6 {[%emt 0:06:49]} 15. Ne2 {
[%emt 0:07:12]} c5 {[%emt 0:07:21]} 16. Qa3 {[%emt 0:14:20]} c4 {[%emt 0:00:26]
} 17. b3 {[%emt 0:03:52]} Qb7 {[%emt 0:01:55]} 18. bxc4 {[%emt 0:04:17]} dxc4
19. O-O {[%emt 0:02:46]} Be6 {[%emt 0:03:33]} 20. Nxc4 {[%emt 0:04:21]} Qb5 {
[%emt 0:01:20]} 21. Qd3 {[%emt 0:03:03]} O-O {[%emt 0:01:04]} 22. a4 {
[%emt 0:03:30]} Qh5 {[%emt 0:01:06]} 23. Bg5 {[%emt 0:03:44]} Bf5 {
[%emt 0:02:14]} 24. e4 {[%emt 0:01:47]} Nxe4 {[%emt 0:03:43]} 25. Qe3 {
[%emt 0:03:35]} Nxg5 {[%emt 0:02:18]} 26. hxg5 {[%emt 0:00:34]} h6 {
[%emt 0:02:12]} 27. f4 {[%emt 0:00:54]} hxg5 {[%emt 0:03:13]} 28. fxg5 {
[%emt 0:00:14]} Rad8 {[%emt 0:00:58]} 29. Rcd1 {[%emt 0:02:35]} Bg4 {
[%emt 0:01:08]} 30. Ng3 {[%emt 0:01:09]} Bxd1 {[%emt 0:01:36]} 31. Nxh5 {
[%emt 0:00:44]} Bxd4 {[%emt 0:00:14]} 32. Rxd1 {[%emt 0:01:30]} Bxe3+ {
[%emt 0:00:06]} 33. Nxe3 {[%emt 0:00:06]} Rxd1+ {[%emt 0:00:04]} 34. Nxd1 {
[%emt 0:00:07]} gxh5 {[%emt 0:00:03]} 0-1

[Event "Richmond Hill op"]
[Site "Richmond Hill CAN"]
[Date "2019.11.09"]
[Round "1.1"]
[White "Atanasov, Anthony"]
[Black "Noritsyn, Nikolay"]
[Result "0-1"]
[WhiteElo "2162"]
[BlackElo "2622"]
[PlyCount "58"]
[EventDate "2019.11.09"]
[EventType "swiss"]
[EventRounds "5"]
[EventCountry "CAN"]

1. d4 g6 2. e4 Bg7 3. Ne2 c5 4. Nbc3 cxd4 5. Nxd4 Nc6 6. Be3 Nf6 7. g3 d6 8. h3
Bd7 9. Bg2 Ne5 10. Qe2 Rc8 11. Rd1 Nc4 12. Bc1 Qb6 13. Nb3 a5 14. a4 Qb4 15.
O-O Bxa4 16. Nxa4 Qxa4 17. e5 Nxe5 18. f4 Nc4 19. Bxb7 Rc7 20. Ba6 O-O 21. Nd4
Qb4 22. b3 Na3 23. Rf2 Nb1 24. Nb5 Rc6 25. Rd4 Qc5 26. Rc4 Qb6 27. Rxc6 Qxc6
28. Nd4 Qb6 29. Bb2 Nd5 0-1

[Event "Richmond Hill op"]
[Site "Richmond Hill CAN"]
[Date "2019.11.09"]
[Round "3.5"]
[White "Atanasov, Anthony"]
[Black "Zomorrodian, Eilia"]
[Result "0-1"]
[WhiteElo "2162"]
[BlackElo "2219"]
[PlyCount "154"]
[EventDate "2019.11.09"]
[EventType "swiss"]
[EventRounds "5"]
[EventCountry "CAN"]

1. d4 Nf6 2. Nf3 g6 3. Bf4 Bg7 4. e3 O-O 5. Be2 d6 6. O-O c5 7. c3 Nc6 8. Nbd2
a6 9. a4 cxd4 10. exd4 Be6 11. Re1 Rc8 12. h3 Qb6 13. Qb1 Na5 14. Ra3 Rfe8 15.
Bd3 Nc4 16. Nxc4 Bxc4 17. Bxc4 Rxc4 18. Qa2 Rcc8 19. Ng5 e6 20. Qb3 Qc6 21. Nf3
Nd5 22. Bg3 Nb6 23. Nd2 e5 24. a5 Nd5 25. c4 Ne7 26. d5 Qd7 27. f3 h6 28. Qb4
f5 29. Rb3 Rc7 30. Bf2 Nc8 31. h4 Qf7 32. Rbe3 Bf6 33. R3e2 Kh7 34. Nb3 Rg8 35.
f4 e4 36. Nd4 Bxd4 37. Bxd4 Rd8 38. b3 Rcd7 39. Qa4 Rc7 40. g3 Rg8 41. Rh2 Rd8
42. Rhe2 Qe7 43. Kf2 Rf8 44. Kg2 g5 45. hxg5 hxg5 46. Rh1+ Kg6 47. fxg5 Qxg5
48. Rh8 Rxh8 49. Bxh8 Re7 50. Kf1 Qh5 51. Bd4 Qf3+ 52. Ke1 Qxg3+ 53. Kf1 Qf3+
54. Ke1 e3 55. Bxe3 Rxe3 56. Rxe3 Qxe3+ 57. Kf1 Qe7 58. Qa1 Qf6 59. Qa4 Ne7 60.
Qb4 f4 61. Qxb7 f3 62. Kf2 Kg5 63. c5 dxc5 64. Qd7 Kf4 65. Qc7+ Qe5 66. Qxe5+
Kxe5 67. Kxf3 Kxd5 68. Ke3 Nc6 69. Kd3 Nxa5 70. Kc3 Nxb3 71. Kxb3 Kd4 72. Ka3
c4 73. Kb4 c3 74. Kb3 Kd3 75. Kb4 c2 76. Ka3 c1=Q+ 77. Ka4 Qb2 0-1

[Event "Richmond Hill op"]
[Site "Richmond Hill CAN"]
[Date "2019.11.10"]
[Round "5.5"]
[White "Atanasov, Anthony"]
[Black "Noritsyn, Sergey"]
[Result "1-0"]
[WhiteElo "2162"]
[BlackElo "2309"]
[PlyCount "50"]
[EventDate "2019.11.09"]
[EventType "swiss"]
[EventRounds "5"]
[EventCountry "CAN"]

1. d4 d5 2. Nf3 Nf6 3. e3 e6 4. Bd3 Nbd7 5. Nbd2 Bd6 6. b3 O-O 7. Bb2 Qe7 8.
Ne5 Bxe5 9. dxe5 Ne8 10. O-O f6 11. exf6 Nexf6 12. e4 Qd6 13. Re1 Qf4 14. exd5
exd5 15. Nf3 c6 16. c4 Nc5 17. Be5 Qg4 18. Be2 Nce4 19. cxd5 Nxd5 20. Bc4 Bf5
21. Bxd5+ cxd5 22. Qxd5+ Kh8 23. h3 Qh5 24. Rxe4 Rad8 25. Qxb7 Rf7 1-0

[Event "Toronto op U2200"]
[Site "Toronto CAN"]
[Date "2019.08.31"]
[Round "1.12"]
[White "Robertson, Kole"]
[Black "Atanasov, Anthony"]
[Result "0-1"]
[WhiteElo "1860"]
[BlackElo "2147"]
[PlyCount "72"]
[EventDate "2019.08.31"]
[EventType "swiss"]
[EventRounds "6"]
[EventCountry "CAN"]

1. d4 Nf6 2. Nf3 g6 3. Nc3 d5 4. Bf4 Bg7 5. e3 O-O 6. Be2 c6 7. Ne5 Nbd7 8. Qd2
Nxe5 9. Bxe5 b5 10. O-O a5 11. a3 Bf5 12. b4 Ra7 13. Rfc1 Qd7 14. Bd3 Rfa8 15.
Qd1 Ra6 16. Ne2 Ne8 17. Bxg7 Kxg7 18. Ng3 Nd6 19. f3 Be6 20. e4 Qa7 21. c3 axb4
22. e5 Ne8 23. Bc2 Rxa3 24. Rxa3 bxa3 25. f4 f5 26. exf6+ Nxf6 27. f5 gxf5 28.
Bxf5 Bxf5 29. Nxf5+ Kh8 30. Qd2 e6 31. Qh6 Qf7 32. Ng3 Qg6 33. Qf4 a2 34. Qf1
Ng4 35. Ra1 Qh6 36. h3 Qe3+ 0-1

[Event "Toronto op U2200"]
[Site "Toronto CAN"]
[Date "2019.08.31"]
[Round "2.11"]
[White "Atanasov, Anthony"]
[Black "Van Rooy, Jake"]
[Result "1-0"]
[WhiteElo "2147"]
[BlackElo "1998"]
[PlyCount "123"]
[EventDate "2019.08.31"]
[EventType "swiss"]
[EventRounds "6"]
[EventCountry "CAN"]

1. d4 g6 2. Bf4 Bg7 3. e3 c5 4. c3 cxd4 5. exd4 Nf6 6. Nd2 O-O 7. Ngf3 d5 8.
Bd3 Nc6 9. O-O b6 10. Qe2 Bb7 11. Rfe1 e6 12. h3 Nh5 13. Bh2 Bh6 14. Qd1 Nf4
15. Bf1 Qf6 16. h4 Bg7 17. b4 Rfc8 18. a4 a5 19. b5 Nb8 20. Qc2 Bf8 21. g4 Bd6
22. Re5 g5 23. Nxg5 Qg6 24. Qxg6+ Nxg6 25. Re3 Bxh2+ 26. Kxh2 Nd7 27. h5 Ngf8
28. f4 Rc7 29. Rae1 Rac8 30. Nb1 Nf6 31. Kh3 h6 32. Nf3 Ne4 33. Rc1 Nd7 34. Kh4
Kg7 35. Nfd2 Nd6 36. Bd3 Nf6 37. Kh3 Nfe4 38. Bxe4 dxe4 39. c4 f5 40. Rec3
fxg4+ 41. Kxg4 Nf5 42. c5 bxc5 43. dxc5 Bd5 44. c6 Kf6 45. Kh3 Rg7 46. Nf1 e3
47. Nxe3 Rg3+ 48. Kh2 Rxe3 49. Rxe3 Nxe3 50. Nc3 Kf5 51. Kg3 Bxc6 52. bxc6 Rxc6
53. Kf3 Nd5 54. Ne2 Rxc1 55. Nxc1 Nxf4 56. Nb3 e5 57. Nxa5 e4+ 58. Kf2 Nxh5 59.
Nc4 Nf6 60. a5 Nd7 61. a6 e3+ 62. Ke2 1-0

[Event "Toronto op U2200"]
[Site "Toronto CAN"]
[Date "2019.09.01"]
[Round "3.11"]
[White "Ahmed, Syed Ibrahim"]
[Black "Atanasov, Anthony"]
[Result "1-0"]
[WhiteElo "2058"]
[BlackElo "2147"]
[PlyCount "141"]
[EventDate "2019.08.31"]
[EventType "swiss"]
[EventRounds "6"]
[EventCountry "CAN"]

1. d4 Nf6 2. c4 g6 3. Nf3 Bg7 4. g3 O-O 5. Bg2 c6 6. Nc3 d5 7. cxd5 cxd5 8. Ne5
Nc6 9. Nxc6 bxc6 10. O-O Bf5 11. Bf4 Nd7 12. Na4 e5 13. dxe5 Nxe5 14. Rc1 Rc8
15. Be3 Qa5 16. Bd4 Rfe8 17. b3 Bh6 18. Rc5 Qa6 19. e4 Bg4 20. f3 Bd7 21. Re1
Nd3 22. Bf1 dxe4 23. fxe4 Nxc5 24. Bxa6 Nxa6 25. Bb2 Be6 26. Qd4 Kf8 27. Rd1
Bg4 28. Qh8+ Ke7 29. Qf6+ Kf8 30. Rf1 Be6 31. Qh8+ Ke7 32. Qxh7 Be3+ 33. Kg2
Kd6 34. Qg7 Kc7 35. Qc3 Bb6 36. Nxb6 axb6 37. a4 Nc5 38. a5 Nxe4 39. axb6+ Kb7
40. Qb4 Ra8 41. Ra1 Rxa1 42. Bxa1 Bd5 43. Kg1 Ng5 44. Bd4 Nf3+ 45. Kf2 Ne1 46.
Qc3 Nf3 47. Be3 Nxh2 48. Qb4 f5 49. Qa3 Ng4+ 50. Kg1 Ra8 51. Qe7+ Ka6 52. b7
Rb8 53. Qa3+ Kxb7 54. Qa7+ Kc8 55. Bf4 Rb7 56. Qa8+ Kd7 57. Qxb7+ Ke6 58. Qc7
Nf6 59. Bg5 Be4 60. Bxf6 Kxf6 61. Kf2 Bd5 62. Ke3 g5 63. Qd6+ Kg7 64. Kd4 Bxb3
65. Qxc6 Bf7 66. Ke5 Bg6 67. Qc7+ Kh6 68. Kf6 Kh5 69. Qg7 Kg4 70. Qxg6 f4 71.
gxf4 1-0

[Event "Toronto op U2200"]
[Site "Toronto CAN"]
[Date "2019.09.01"]
[Round "4.15"]
[White "Atanasov, Anthony"]
[Black "Yuen, Noah"]
[Result "1-0"]
[WhiteElo "2147"]
[BlackElo "1979"]
[PlyCount "91"]
[EventDate "2019.08.31"]
[EventType "swiss"]
[EventRounds "6"]
[EventCountry "CAN"]

1. d4 d5 2. Nf3 Nf6 3. Bf4 e6 4. e3 Bd6 5. Bg3 Nbd7 6. Nbd2 b6 7. Bd3 Bb7 8.
Qe2 Qe7 9. e4 dxe4 10. Nxe4 Bxg3 11. hxg3 O-O-O 12. O-O Nxe4 13. Bxe4 Nf6 14.
Bxb7+ Kxb7 15. c3 Qd6 16. a4 Nd7 17. a5 Nb8 18. Ne5 Rhf8 19. axb6 axb6 20. Qe4+
Qd5 21. Qxh7 f6 22. Ng6 Rf7 23. Nf4 Qd7 24. Qe4+ Qc6 25. Qxe6 Qxe6 26. Nxe6 Re8
27. Nf4 g5 28. Nd3 Rh7 29. Rfe1 Reh8 30. f3 f5 31. Kf2 Nd7 32. Ne5 Nf6 33. Ra3
Ra8 34. Rxa8 Kxa8 35. Nd3 g4 36. Nf4 gxf3 37. gxf3 Kb7 38. Re5 Rh2+ 39. Ng2 Rh5
40. g4 fxg4 41. Rxh5 g3+ 42. Kxg3 Nxh5+ 43. Kg4 Nf6+ 44. Kg5 Nh7+ 45. Kg6 Nf8+
46. Kf7 1-0

[Event "Toronto op U2200"]
[Site "Toronto CAN"]
[Date "2019.09.03"]
[Round "5.12"]
[White "Atanasov, Anthony"]
[Black "Mao, Fengxi"]
[Result "0-1"]
[WhiteElo "2147"]
[BlackElo "2070"]
[PlyCount "100"]
[EventDate "2019.08.31"]
[EventType "swiss"]
[EventRounds "6"]
[EventCountry "CAN"]

1. d4 Nf6 2. Bf4 d5 3. e3 e6 4. Nd2 c5 5. c3 Nc6 6. Bd3 Bd6 7. Bg3 e5 8. dxc5
Bxc5 9. e4 O-O 10. Ngf3 Re8 11. O-O Bg4 12. h3 Bh5 13. Qc2 Rc8 14. Rfe1 d4 15.
Bb5 dxc3 16. bxc3 Qc7 17. Nb3 Bb6 18. Bxc6 Qxc6 19. Rac1 Bxf3 20. gxf3 Nh5 21.
Kh2 Qf6 22. Qe2 Re6 23. Rg1 Nf4 24. Bxf4 Qxf4+ 25. Rg3 Bd8 26. Kg1 h5 27. c4
Bh4 28. Rg2 Rf6 29. Rc3 Rcc6 30. Nd2 Rg6 31. Rd3 Be7 32. Nb3 Qh4 33. Rxg6 Rxg6+
34. Kh2 Bg5 35. Qf1 Bf4+ 36. Kh1 Ra6 37. Kg1 Rxa2 38. c5 Bh2+ 39. Kxh2 Rxf2+
40. Qg2 Rxg2+ 41. Kxg2 Qe1 42. Rd8+ Kh7 43. Rd7 h4 44. Rxf7 Qe2+ 45. Kh1 Qd1+
46. Kg2 Qxb3 47. Rc7 Kg6 48. c6 bxc6 49. Rxc6+ Kg5 50. Rc7 Qb2+ 0-1

[Event "Toronto op U2200"]
[Site "Toronto CAN"]
[Date "2019.09.02"]
[Round "6.15"]
[White "Qiao, Cindy"]
[Black "Atanasov, Anthony"]
[Result "0-1"]
[WhiteElo "1884"]
[BlackElo "2147"]
[PlyCount "92"]
[EventDate "2019.08.31"]
[EventType "swiss"]
[EventRounds "6"]
[EventCountry "CAN"]

1. e4 c5 2. Nf3 d6 3. d4 Nf6 4. Nc3 cxd4 5. Qxd4 a6 6. h3 Nc6 7. Qe3 e6 8. Be2
Be7 9. O-O O-O 10. Rd1 Qc7 11. b3 b5 12. a3 Bb7 13. Bb2 Rac8 14. Rd2 Rfd8 15.
Bd3 Nd7 16. Ne2 Nce5 17. Nxe5 Nxe5 18. Rc1 Bf6 19. c4 bxc4 20. Bxc4 Qb8 21. Bd4
Nxc4 22. bxc4 Bxd4 23. Qxd4 Qc7 24. f3 Qa5 25. Qd3 g6 26. Kf1 Rc5 27. Rb2 Ba8
28. Qb3 Rdc8 29. Rbc2 Qc7 30. Rc3 a5 31. Nd4 Qe7 32. Qc2 Bb7 33. Nb5 Bc6 34.
Nd4 Be8 35. Qd3 Ba4 36. Qe2 Qc7 37. Qb2 d5 38. exd5 exd5 39. Nb3 Rxc4 40. Rxc4
dxc4 41. Nd4 c3 42. Qa2 Qf4 43. Ne2 Bb5 44. Rc2 Qe3 45. Qb3 Bd3 46. Qb7 Re8 0-1

[Event "NAYCC U12"]
[Site "Kingston CAN"]
[Date "2019.08.16"]
[Round "1.66"]
[White "Atanasov, Anthony"]
[Black "Yuen, Noah"]
[Result "1-0"]
[WhiteElo "1914"]
[BlackElo "1477"]
[PlyCount "147"]
[EventDate "2019.08.16"]
[EventType "swiss"]
[EventRounds "9"]
[EventCountry "CAN"]

1. d4 d5 2. Bf4 Nf6 3. e3 e6 4. Nd2 Bd6 5. Bg3 b6 6. Ngf3 Bb7 7. c3 Nbd7 8. Bd3
Qe7 9. Ne5 Bxe5 10. dxe5 Ne4 11. Bxe4 dxe4 12. Qa4 O-O-O 13. Nxe4 Nc5 14. Nxc5
Qxc5 15. O-O g5 16. Rad1 h5 17. h3 Qe7 18. Rd4 Rd5 19. Rxd5 Bxd5 20. Rd1 Kb7
21. f3 g4 22. fxg4 Qg5 23. Qf4 Qxf4 24. exf4 hxg4 25. hxg4 Rg8 26. b3 Rxg4 27.
Kf2 Kc8 28. Rh1 Be4 29. a3 Rg8 30. Rg1 Rd8 31. Ke2 Bd3+ 32. Kd2 Bf5+ 33. Ke2
Bd3+ 34. Kd2 Bf5+ 35. Kc1 Rg8 36. Bh4 Bg4 37. g3 a5 38. Rg2 Bf3 39. Rd2 Bc6 40.
Rd4 Kb7 41. Kc2 Ra8 42. c4 a4 43. b4 b5 44. c5 Bd5 45. Kc3 c6 46. Rd2 Rg8 47.
Rh2 Rh8 48. Kd4 Kc7 49. Ke3 Kd7 50. Rd2 Ke8 51. Kf2 Kf8 52. Kg1 Kg8 53. Kh2 Kh7
54. Kh3 Kg6 55. Kg4 Rg8 56. Bg5 Rh8 57. Bh4 Rg8 58. Bf6 Kh6+ 59. Kh4 Kh7 60.
Rh2 Rg6 61. Bg5 Kg8 62. g4 Rg7 63. Bh6 Rg6 64. Kg3 Be4 65. Rh5 Kh7 66. Bg5+ Kg8
67. Bf6 Kf8 68. Rh8+ Rg8 69. Be7+ Kg7 70. Rh2 Kg6 71. Bf6 Rc8 72. f5+ Bxf5 73.
g5 Bd3 74. Kf4 1-0

[Event "NAYCC U12"]
[Site "Kingston CAN"]
[Date "2019.08.16"]
[Round "2.64"]
[White "Tay, Brian"]
[Black "Atanasov, Anthony"]
[Result "1/2-1/2"]
[WhiteElo "1923"]
[BlackElo "2115"]
[PlyCount "115"]
[EventDate "2019.08.16"]
[EventType "swiss"]
[EventRounds "9"]
[EventCountry "CAN"]

1. e4 c5 2. d4 cxd4 3. c3 Nf6 4. e5 Nd5 5. Nf3 Nc6 6. Bc4 Nb6 7. Bb3 d5 8. exd6
Qxd6 9. O-O Be6 10. Na3 Bxb3 11. Qxb3 e6 12. Nb5 Qb8 13. Nfxd4 Be7 14. Nxc6
bxc6 15. Nd4 Qc7 16. Re1 O-O 17. g3 Bf6 18. Nf3 Nd5 19. Be3 Rab8 20. Qc2 c5 21.
Rad1 Qa5 22. a3 Qb5 23. Bc1 c4 24. Nd4 Bxd4 25. Rxd4 Rfc8 26. Re5 Qc6 27. Qe4
Ne7 28. Rh5 Qxe4 29. Rxe4 Nf5 30. g4 g6 31. Rh3 Nd6 32. Re2 Rb5 33. Rhe3 Rd5
34. Re5 Rcc5 35. Bf4 Nc8 36. Rxd5 Rxd5 37. Rd2 Rxd2 38. Bxd2 Kf8 39. Kg2 Ke7
40. Kf3 e5 41. Ke3 Ke6 42. f4 Nb6 43. Ke4 f5+ 44. Kf3 e4+ 45. Ke3 Kd5 46. gxf5
gxf5 47. Bc1 Na4 48. Kd2 Nc5 49. Kc2 a5 50. Be3 Nb3 51. a4 Ke6 52. Kd1 Kf7 53.
Ke2 Kg6 54. Kf2 Kf6 55. Ke2 Ke6 56. Kd1 Ke7 57. Ke2 Ke6 58. Kd1 1/2-1/2

[Event "NAYCC U12"]
[Site "Kingston CAN"]
[Date "2019.08.17"]
[Round "3.71"]
[White "Atanasov, Anthony"]
[Black "He, Zekai"]
[Result "1-0"]
[WhiteElo "2115"]
[BlackElo "1318"]
[PlyCount "79"]
[EventDate "2019.08.16"]
[EventType "swiss"]
[EventRounds "9"]
[EventCountry "CAN"]

1. d4 d5 2. Bf4 Nf6 3. e3 e6 4. Nd2 Be7 5. Bd3 O-O 6. Ngf3 c5 7. c3 Nc6 8. h4
cxd4 9. exd4 Bd6 10. Ne5 Qc7 11. Qe2 Nd7 12. Ndf3 Ncxe5 13. dxe5 Be7 14. Bxh7+
Kh8 15. Bc2 Qc4 16. Nd4 Qxe2+ 17. Kxe2 Nb6 18. h5 f6 19. Nf3 f5 20. a4 a5 21.
b3 Nd7 22. Nh4 Bxh4 23. Rxh4 b6 24. g4 Ba6+ 25. Kd2 fxg4 26. Rxg4 Nc5 27. h6
Rf7 28. Rh1 g5 29. Bxg5 Rxf2+ 30. Kc1 Nd7 31. Bh4 Nxe5 32. Rg7 Rf4 33. Rh7+ Kg8
34. Rg1+ Ng4 35. Rg7+ Kh8 36. R1xg4 Rxg4 37. Rxg4 Rf8 38. h7 Rf1+ 39. Kb2 Rf8
40. Bf6+ 1-0

[Event "NAYCC U12"]
[Site "Kingston CAN"]
[Date "2019.08.17"]
[Round "4.65"]
[White "Huang, Richard"]
[Black "Atanasov, Anthony"]
[Result "0-1"]
[WhiteElo "1542"]
[BlackElo "2115"]
[PlyCount "162"]
[EventDate "2019.08.16"]
[EventType "swiss"]
[EventRounds "9"]
[EventCountry "CAN"]

1. d4 Nf6 2. c4 g6 3. Nc3 d5 4. cxd5 Nxd5 5. e4 Nxc3 6. bxc3 Bg7 7. Nf3 c5 8.
Be2 O-O 9. O-O Nc6 10. Be3 Qc7 11. Rc1 Rd8 12. d5 b6 13. Qc2 Na5 14. c4 Nb7 15.
Nd2 e5 16. Nb3 f5 17. f3 f4 18. Bf2 g5 19. g4 Bd7 20. h3 Kf7 21. Kg2 h6 22. Rh1
Bf6 23. Rcd1 Nd6 24. Nc1 Be8 25. Nd3 Kg8 26. h4 Bg6 27. h5 Be8 28. Rb1 Rab8 29.
Rhc1 Qh7 30. Ne1 Rdc8 31. Nd3 Bd7 32. Rb2 Qe7 33. Rcb1 Qe8 34. Qc3 Ra8 35. a3
Qe7 36. Qc2 Qe8 37. Qc3 Bg7 38. Qc2 Kh7 39. Qc3 Kh8 40. Qc2 Kg8 41. Qc3 Bxg4
42. fxg4 Nxe4 43. Qe1 Nd6 44. Nc1 e4 45. Rc2 f3+ 46. Bxf3 exf3+ 47. Kxf3 Qa4
48. Qe6+ Kh8 49. Rb3 Nxc4 50. Qe2 Nxa3 51. Rd2 c4 52. Re3 c3 53. Rdd3 Nc4 54.
Re7 Ne5+ 55. Rxe5 Qf4+ 56. Kg2 Qxe5 57. Be3 Qe4+ 58. Kg1 Rc4 59. d6 Rd8 60. d7
Qxg4+ 61. Qxg4 Rxg4+ 62. Kf2 Re4 63. Kf3 Re7 64. Bd4 Bxd4 65. Rxd4 Rexd7 66.
Rxd7 Rxd7 67. Ke4 c2 68. Ke3 Rd1 69. Nb3 c1=Q+ 70. Nxc1 Rxc1 71. Ke4 a5 72. Kf5
Kh7 73. Kf6 Rc5 74. Ke6 g4 75. Kf6 g3 76. Ke6 g2 77. Kf6 g1=Q 78. Ke6 Qe3+ 79.
Kf6 Qe5+ 80. Kf7 Rc7+ 81. Kf8 Qh8# 0-1

[Event "NAYCC U12"]
[Site "Kingston CAN"]
[Date "2019.08.18"]
[Round "5.62"]
[White "Atanasov, Anthony"]
[Black "Cheung, Ryan"]
[Result "1-0"]
[WhiteElo "2115"]
[BlackElo "2090"]
[PlyCount "47"]
[EventDate "2019.08.16"]
[EventType "swiss"]
[EventRounds "9"]
[EventCountry "CAN"]

1. d4 f5 2. c4 Nf6 3. Nc3 g6 4. h4 Bg7 5. h5 Nxh5 6. e4 Nf6 7. Bd3 fxe4 8. Nxe4
O-O 9. Nf3 c6 10. Nfg5 e6 11. Be3 Qa5+ 12. Bd2 Qd8 13. Nxf6+ Qxf6 14. Be3 h6
15. Ne4 Qf5 16. c5 h5 17. Ng3 Qf7 18. Qc2 Qe7 19. Bxg6 h4 20. Ne4 e5 21. Bh7+
Kh8 22. Bg5 Qf7 23. Rxh4 Qd5 24. Nf6 1-0

[Event "NAYCC U12"]
[Site "Kingston CAN"]
[Date "2019.08.18"]
[Round "6.61"]
[White "Levine, Jack"]
[Black "Atanasov, Anthony"]
[Result "0-1"]
[WhiteElo "2198"]
[BlackElo "2115"]
[PlyCount "94"]
[EventDate "2019.08.16"]
[EventType "swiss"]
[EventRounds "9"]
[EventCountry "CAN"]

1. c4 Nf6 2. Nc3 d5 3. cxd5 Nxd5 4. g3 g6 5. Bg2 Nxc3 6. bxc3 Bg7 7. Rb1 c6 8.
Nf3 O-O 9. d4 Nd7 10. Bf4 Qa5 11. Qc2 Nf6 12. Ng5 h6 13. Ne4 Nxe4 14. Bxe4 Bxd4
15. Bd2 Bg7 16. O-O Rd8 17. Rfd1 Qc7 18. Bf4 Rxd1+ 19. Rxd1 e5 20. Be3 Be6 21.
Qa4 f5 22. Bc2 Kh7 23. Bc5 b6 24. Bd6 Qf7 25. Qxc6 Rc8 26. Qa4 Rxc3 27. Bb4 b5
28. Bxc3 bxa4 29. Bxa4 Bd5 30. a3 Qb7 31. f3 Qb6+ 32. Kg2 Qe3 33. Rxd5 Qxe2+
34. Kg1 Qxf3 35. Rd7 Qxc3 36. Kg2 Qc4 37. Rxa7 e4 38. Bd1 Qd4 39. Rxg7+ Kxg7
40. Be2 Qb2 41. Kf2 Qxa3 42. g4 f4 43. g5 Qe3+ 44. Kf1 hxg5 45. h4 Qg3 46. Bc4
f3 47. hxg5 e3 0-1

[Event "NAYCC U12"]
[Site "Kingston CAN"]
[Date "2019.08.19"]
[Round "7.60"]
[White "Liang, Jason"]
[Black "Atanasov, Anthony"]
[Result "1/2-1/2"]
[WhiteElo "2250"]
[BlackElo "2115"]
[PlyCount "73"]
[EventDate "2019.08.16"]
[EventType "swiss"]
[EventRounds "9"]
[EventCountry "CAN"]

1. e4 c5 2. Nf3 d6 3. d4 Nf6 4. Nc3 cxd4 5. Nxd4 a6 6. f3 e6 7. Be3 b5 8. Qd2
Nbd7 9. g4 h6 10. O-O-O Bb7 11. h4 b4 12. Na4 Qa5 13. b3 Nc5 14. a3 Nxa4 15.
axb4 Qc7 16. bxa4 d5 17. e5 Nd7 18. f4 Nb6 19. Rh3 Nxa4 20. Bf2 Rc8 21. c4 dxc4
22. Qc2 Nb6 23. Nxe6 fxe6 24. Bxb6 Qf7 25. f5 Bd5 26. Rxd5 exd5 27. e6 Qb7 28.
f6 Qxb6 29. Qg6+ Kd8 30. fxg7 Qd4 31. e7+ Bxe7 32. gxh8=Q+ Qxh8 33. Qb6+ Rc7
34. Qb8+ Rc8 35. Qb6+ Rc7 36. Qb8+ Rc8 37. Qb6+ 1/2-1/2

[Event "NAYCC U12"]
[Site "Kingston CAN"]
[Date "2019.08.19"]
[Round "8.60"]
[White "Atanasov, Anthony"]
[Black "Xu, Arthur"]
[Result "0-1"]
[WhiteElo "2115"]
[BlackElo "2176"]
[PlyCount "92"]
[EventDate "2019.08.16"]
[EventType "swiss"]
[EventRounds "9"]
[EventCountry "CAN"]

1. d4 d5 2. Bf4 c5 3. e3 Nc6 4. Nf3 Bf5 5. Bd3 Bxd3 6. Qxd3 e6 7. O-O Nf6 8. c3
Bd6 9. Bxd6 Qxd6 10. Nbd2 O-O 11. Rad1 Rad8 12. Rfe1 e5 13. dxe5 Nxe5 14. Nxe5
Qxe5 15. Qb5 Qc7 16. Qa4 Rfe8 17. h3 Re6 18. Qc2 Rde8 19. Nf3 h6 20. a3 a5 21.
a4 Rb8 22. Nd2 Qe7 23. Nb1 Rd8 24. Rd3 Re8 25. Na3 Qc7 26. Red1 Re5 27. Qe2 Qc6
28. Nb5 Rg5 29. Qf3 Ree5 30. Qe2 Re4 31. Ra1 d4 32. f3 Rxe3 33. Rxe3 dxe3 34.
Qxe3 Nd5 35. Qd2 Qf6 36. Kh1 Nf4 37. Rg1 Rg3 38. Qf2 Qh4 39. Rf1 Nxh3 40. Qxg3
Qxg3 41. gxh3 Qxh3+ 42. Kg1 Qg3+ 43. Kh1 Qh4+ 44. Kg2 Qxa4 45. Nd6 Qc2+ 46. Kh1
Qd3 0-1